00838 2200337 4500001002100000005001500021007000300036008004100039020001800080035002000098082001000118084001600128100002300144245004400167250000600211264003400217300003100251336002100282337003000303338002300333504002600356650002400382650001700406990001100423990001100434990001100445990001100456990001100467990001100478990001100489INLIS00000000002364920251204015627ta251204 g 0 ind  a9786026021649 a0010-1225000064 a025.1 a025.1 HAR m0 aHartonoePengarang1 aManajemen Sumber Informasi Perpustakaan aI aYogyakarta :bCalpulis,c2016 axii + 252 halaman ;c24 Cm 2rdacontentaTeks 2rdamediaaTanpa Perantara 2rdacarrieraLembar aBibliografi : 191-193 4aManajemen Informasi 4aPerpustakaan a063031 a063032 a063033 a063034 a074522 a074523 a074524